00330nam a2200109Ia 4500008004100000245010100041260003500142260000900177300001000186500000800196650001600204170224s9999 xx 000 0 und d aFaces, feelings, words: Divergence across channels of emotional responding in complicated grief. bJournal of Abnormal Psychology c2014 a123:2 aMay xPsychology.